The Following Program Is Not Suitable for Children Quiz Stats

 Plays Quiz Updated Jul 18, 2018

Challenge
Share
Tweet
Embed
Score 0/24 Timer 05:00
1 Play Today
% Correct
Friends
92.9%
Buffy the Vampire Slayer
92.5%
South Park
91.8%
The Big Bang Theory
91.8%
The Flintstones
90.7%
SpongeBob SquarePants
90.6%
Breaking Bad
89.1%
Sesame Street
85.7%
M*A*S*H
81.5%
Hannibal
75%
Glee
72.4%
Game of Thrones
72.2%
% Correct
Hannah Montana
70%
The Twilight Zone
68.9%
Malcolm in the Middle
68.1%
Dora the Explorer
67.4%
Modern Family
65.3%
Futurama
65.1%
American Horror Story
63.4%
Star Trek
63%
The Simpsons
54.9%
Once Upon a Time
50.9%
LOST
44.2%
The Muppet Show
37.7%

You're not logged in!

Compare scores with friends on all Sporcle quizzes.
Join for Free
OR
Log In

You Might Also Like...

Show Comments

Extras

Top Quizzes Today


Score Distribution

Your Account Isn't Verified!

In order to create a playlist on Sporcle, you need to verify the email address you used during registration. Go to your Sporcle Settings to finish the process.

Report this User

Report this user for behavior that violates our Community Guidelines.

Details: